30 biggest cities in Alaska - Statistics

General Stats
  • This quiz has been taken 48 times
  • The average score is 16 of 30
Answer Stats
Population City % Correct
32,255 Juneau
100%
291,247 Anchorage
98%
32,515 Fairbanks
95%
8,192 Ketchikan
85%
3,699 Nome
85%
8,458 Sitka
83%
4,927 Utqiaġvik
83%
9,054 Wasilla
78%
5,522 Homer
75%
7,424 Kenai
70%
5,888 Palmer
70%
4,254 Unalaska
70%
5,581 Kodiak
68%
2,243 North Pole
68%
2,717 Seward
68%
3,985 Valdez
68%
6,325 Bethel
63%
3,102 Kotzebue
55%
4,342 Soldotna
53%
2,249 Dillingham
50%
2,609 Cordova
45%
1,975 Houston
40%
2,127 Wrangell
33%
918 Delta Junction
18%
1,036 Craig
8%
1,589 Akutan
5%
931 Hoonah
3%
951 Chevak
0%
1,375 Hooper Bay
0%
835 Savoonga
0%
No matching quizzes found
Score Distribution
Percent of People with Each Score
Percentile by Number Answered
Your Score History
You have not taken this quiz